000 00710nam a22002537a 4500
003 UA-OsUOA
001 85762
007 ta
008 20120716b un ||||| |||| 00| 0 ukr d
100 _aКароляк С.
700 _aВасилевская Д.
090 _a811.162.1
_bК25
942 _cBK
040 _aUA-OsUOA
_brus
_cUA-OsUOA
_dUA-OsUOA
245 _aПольский язык
_bУчебник
300 _a566 с.
955 _a2
041 _arus
080 _a811.162.1
020 _a5-7459-0057
260 _aМ.
_bАстра-Плюс
_c2003
650 7 _a8 Мовознавство. Художня література. Літературознавство
_2UDC
999 _c372072
_d372072